000
00307nam a22001337a 4500
008
170504b xxu||||| |||| 00| 0 eng d
020
_a
9780742500099
041
_a
eng
080
_a
34
100
_a
14
101
_a
SHJ
245
_a
INTERNATIONAL LAW IN TE 21ST CENTURY
_c
JOYNER, CH.C
942
_2
udc
_c
BK
999
_c
12652
_d
12652